<?xml version="1.0" encoding="UTF-8"?>
<collection xmlns="http://www.loc.gov/MARC21/slim">
 <record>
  <leader>00849cam a2200205 7i4500</leader>
  <controlfield tag="001">0000003190</controlfield>
  <controlfield tag="005">20020402090000.0</controlfield>
  <datafield tag="035" ind1="0" ind2="0">
   <subfield code="a">0042-09360</subfield>
  </datafield>
  <datafield tag="090" ind1="0" ind2="0">
   <subfield code="a">SH 1 </subfield>
   <subfield code="b">F8716 no.753</subfield>
  </datafield>
  <datafield tag="100" ind1="1" ind2="0">
   <subfield code="a">Baluyut </subfield>
  </datafield>
  <datafield tag="245" ind1="1" ind2="0">
   <subfield code="a">Assessment of problems in planning river basin development involving a hydroelectric scheme  </subfield>
   <subfield code="c">by Elvira A. Baluyut.</subfield>
  </datafield>
  <datafield tag="260" ind1="0" ind2="0">
   <subfield code="a">Rome: </subfield>
   <subfield code="b">FAO, </subfield>
   <subfield code="c">1982.</subfield>
  </datafield>
  <datafield tag="300" ind1="#" ind2="#">
   <subfield code="a">24p.: </subfield>
   <subfield code="b">ill.; </subfield>
   <subfield code="c">30cm.</subfield>
  </datafield>
  <datafield tag="490" ind1="0" ind2="0">
   <subfield code="a">FAO fisheries circular; </subfield>
   <subfield code="v">no.753 rev.3</subfield>
  </datafield>
  <datafield tag="650" ind1="0" ind2="0">
   <subfield code="a">Water-power electric plants. </subfield>
  </datafield>
  <datafield tag="650" ind1="0" ind2="0">
   <subfield code="a">Hydroelectric generators. </subfield>
  </datafield>
  <datafield tag="650" ind1="0" ind2="0">
   <subfield code="a">Watershed management. </subfield>
  </datafield>
  <datafield tag="710" ind1="2" ind2="1">
   <subfield code="a">Food and Agriculture Organization of the United Nations. </subfield>
  </datafield>
  <datafield tag="830" ind1="0" ind2="0">
   <subfield code="a">Fisheries circular no.753 Food and Agriculture Organization of the United Nations (Food and Agriculture Organization of the United Nations)</subfield>
  </datafield>
  <datafield tag="999" ind1=" " ind2=" ">
   <subfield code="a">1000388561</subfield>
   <subfield code="b">Book</subfield>
   <subfield code="c">Open Shelf</subfield>
   <subfield code="e">KOLEKSI TERBUKA</subfield>
  </datafield>
 </record>
</collection>
